| 000 | 00645nam a22001937a 4500 | ||
|---|---|---|---|
| 999 |
_c12025 _d12025 |
||
| 003 | AR-CdUCM | ||
| 008 | 190405b ||||| |||| 00| 0 spa d | ||
| 040 |
_aMUNICIPALIDAD PROVINCIAL DEL CUSCO _cBIBLIOTECA MUNICIPAL DEL CUSCO |
||
| 082 |
_aEP / 574.526 / _bC95 |
||
| 110 |
_aCentro Guamán Poma de Ayala _920511 |
||
| 245 | _aCuidando nuestras quebradas y su entorno / | ||
| 260 |
_aCusco : _bAlpha servicios gráficos, _c2010. |
||
| 300 |
_a25 paginas _c20 cm. |
||
| 505 | _aContenido :Cuidando nuestras quebradas y su entorno, | ||
| 650 |
_aCiencias naturales _910176 |
||
| 650 |
_aNaturaleza _94241 |
||
| 942 |
_2ddc _cLIBROS |
||
| 945 | _arum | ||